[Event "Gonzaga Masters 2016"]
[Site "Dublin IRL"]
[Date "2016.01.23"]
[Round "3"]
[White "Khaydarov, Ravshan"]
[Black "Cichonski, Bartlomiej"]
[Result "1-0"]
[WhiteElo "1866"]
[BlackElo "2008"]
[WhiteICU "1823"]
[BlackICU "1947"]
[WhiteClub "Lucan"]
[BlackClub "Balbriggan"]
[WhiteNationality "UZB"]
[BlackNationality "IRL"]
[WhiteFideId "14202026"]
[BlackFideId "2503620"]
[PlyCount "99"]
[EventDate "2016.01.22"]
[Source "Herbert Scarry, via Dylan Boland"]

{ Reference: <a
href="http://www.irlchess.com/gonzaga2016_allfiles/pairings_gonzaga2016.html">Tournament
report</a>. } { Event information: <a
href="http://ratings.icu.ie/tournaments/781">Pairings &amp; results</a>,
ICU ratings web site. }

1. d4 f5 2. g3 Nf6 3. c4 g6 4. Bg2 Bg7 5. Nf3 O-O 6. O-O d6 7. Nc3 c6 8. d5
e5 9. dxe6 Bxe6 10. Bf4 Bxc4 11. Bxd6 Re8 12. Rc1 Na6 13. b3 Bd5 14. Bf4
Qa5 15. Qd2 Bxf3 16. Bxf3 Rad8 17. Qc2 Nb4 18. Qb1 h6 19. Na4 Nbd5 20. Rc5
b5 21. Bc1 Ne4 22. Bxe4 Rxe4 23. Qc2 Nb4 24. Bd2 Rde8 25. Qd1 Qa6 26. Bxb4
bxa4 27. Qd7 Qxe2 28. Bc3 Bxc3 29. Rxc3 axb3 30. Rxc6 R4e6 31. Rc7 R8e7 32.
Qd8+ Kf7 33. axb3 Qb5 34. Rc8 Re8 35. Rc7+ R6e7 36. Rxe7+ Rxe7 37. Qh8 Qxb3
38. Qh7+ Kf6 39. Qxh6 Qf7 40. Qh8+ Qg7 41. Qh4+ Kf7 42. Rd1 g5 43. Qc4+ Kg6
44. h4 gxh4 45. Rd6+ Kh7 46. Qxh4+ Kg8 47. Qh5 Qh7 48. Rh6 Re1+ 49. Kh2 Re7
50. Qg5+ 1-0

[Event "Gonzaga Masters 2016"]
[Site "Dublin IRL"]
[Date "2016.01.23"]
[Round "3"]
[White "Marzec, Karol"]
[Black "Reynolds, Pat"]
[Result "1/2-1/2"]
[WhiteElo "2005"]
[BlackElo "1932"]
[WhiteICU "1926"]
[BlackICU "1797"]
[WhiteClub "Elm Mount"]
[BlackClub "Bray/Greystones"]
[WhiteNationality "POL"]
[BlackNationality "IRL"]
[WhiteFideId "1128787"]
[BlackFideId "2501392"]
[PlyCount "93"]
[EventDate "2016.01.22"]
[Source "Herbert Scarry, via Dylan Boland"]

{ Reference: <a
href="http://www.irlchess.com/gonzaga2016_allfiles/pairings_gonzaga2016.html">Tournament
report</a>. } { Event information: <a
href="http://ratings.icu.ie/tournaments/781">Pairings &amp; results</a>,
ICU ratings web site. }

1. e4 c5 2. Nf3 Nc6 3. d4 cxd4 4. Nxd4 e6 5. a3 Nf6 6. Nc3 a6 7. Be2 Qc7 8.
O-O Be7 9. Be3 O-O 10. f4 d6 11. Nb3 b5 12. Kh1 Bb7 13. Bf3 Rfd8 14. Qd2
Rac8 15. Qf2 Nd7 16. g4 b4 17. axb4 Nxb4 18. Na5 Ba8 19. Ra4 d5 20. e5 Nc5
21. Rxb4 Qxa5 22. Rd4 Rb8 23. Bc1 Ne4 24. Nxe4 dxe4 25. Bxe4 Bxe4+ 26. Rxe4
Qd5 27. Qg2 f5 28. gxf5 exf5 29. Re2 a5 30. Qxd5+ Rxd5 31. b3 Rbd8 32. Kg2
Bb4 33. Bb2 Kf7 34. Rf3 Ke6 35. Rg3 Rd2 36. Rxd2 Rxd2+ 37. Kh3 Rxc2 38. Bd4
g6 39. Rd3 Bd2 40. Kg3 Be1+ 41. Kh3 Bd2 42. Be3 Bb4 43. Ba7 Re2 44. Bb8 Bd2
45. Rf3 Re4 46. Kg3 Be1+ 47. Kh3 1/2-1/2

[Event "Gonzaga Masters 2016"]
[Site "Dublin IRL"]
[Date "2016.01.24"]
[Round "4"]
[White "Reynolds, Pat"]
[Black "O'Gorman, Tom"]
[Result "0-1"]
[WhiteElo "1932"]
[BlackElo "2010"]
[WhiteICU "1797"]
[BlackICU "2135"]
[WhiteClub "Bray/Greystones"]
[BlackClub "Dun Laoghaire"]
[WhiteNationality "IRL"]
[BlackNationality "IRL"]
[WhiteFideId "2501392"]
[BlackFideId "2508249"]
[PlyCount "56"]
[EventDate "2016.01.22"]
[Source "Herbert Scarry, via Dylan Boland"]

{ Reference: <a
href="http://www.irlchess.com/gonzaga2016_allfiles/pairings_gonzaga2016.html">Tournament
report</a>. } { Event information: <a
href="http://ratings.icu.ie/tournaments/781">Pairings &amp; results</a>,
ICU ratings web site. }

1. d4 e6 2. c4 f5 3. g3 Nf6 4. Bg2 Be7 5. Nc3 O-O 6. Nh3 d6 7. O-O h6 8.
Nf4 Qe8 9. Qb3 Nc6 10. Nb5 Bd8 11. d5 exd5 12. cxd5 Ne5 13. Ne6 Bxe6 14.
dxe6 Qe7 15. Nd4 Ne4 16. Nxf5 Rxf5 17. Bxe4 Rf8 18. Qxb7 c6 19. Bxc6 Nxc6
20. Qxa8 Qc7 21. Bf4 Be7 22. Qxf8+ Bxf8 23. Rac1 Qb6 24. Rfd1 Nd4 25. Be3
Nxe2+ 26. Kf1 Qa6 27. Rc7 Nc3+ 28. Ke1 Qe2# 0-1

[Event "Gonzaga Masters 2016"]
[Site "Dublin IRL"]
[Date "2016.01.24"]
[Round "4"]
[White "Cichonski, Bartlomiej"]
[Black "Li, Henry"]
[Result "1-0"]
[WhiteElo "2008"]
[BlackElo "1882"]
[WhiteICU "1947"]
[BlackICU "1995"]
[WhiteClub "Balbriggan"]
[BlackClub "Gonzaga"]
[WhiteNationality "IRL"]
[BlackNationality "IRL"]
[WhiteFideId "2503620"]
[BlackFideId "2508524"]
[PlyCount "65"]
[EventDate "2016.01.22"]
[Source "Herbert Scarry, via Dylan Boland"]

{ Reference: <a
href="http://www.irlchess.com/gonzaga2016_allfiles/pairings_gonzaga2016.html">Tournament
report</a>. } { Event information: <a
href="http://ratings.icu.ie/tournaments/781">Pairings &amp; results</a>,
ICU ratings web site. }

1. f4 Nf6 2. Nf3 g6 3. g3 Bg7 4. Bg2 O-O 5. O-O d5 6. d3 Nc6 7. c3 Bf5 8.
h3 h5 9. Nh4 Qd7 10. Kh2 Rad8 11. Qe1 d4 12. Na3 dxc3 13. bxc3 Nd5 14. Bd2
Nb6 15. d4 Be6 16. e4 Bc4 17. Nxc4 Nxc4 18. Rb1 N6a5 19. f5 c5 20. fxg6
cxd4 21. gxf7+ Rxf7 22. Rxf7 Kxf7 23. cxd4 Nxd2 24. Qxd2 Nc4 25. Qf4+ Kg8
26. d5 b6 27. Qg5 Qd6 28. Nf5 Qf6 29. Nxe7+ Kf7 30. Rf1 Kxe7 31. Rxf6 Bxf6
32. Qxh5 Rg8 33. d6+ 1-0

[Event "Gonzaga Masters 2016"]
[Site "Dublin IRL"]
[Date "2016.01.24"]
[Round "4"]
[White "Murray, David"]
[Black "Moran, Stephen"]
[Result "1/2-1/2"]
[WhiteElo "2160"]
[BlackElo "2128"]
[WhiteICU "2113"]
[BlackICU "2123"]
[WhiteClub "Gonzaga"]
[BlackClub "T.C.D."]
[WhiteNationality "IRL"]
[BlackNationality "IRL"]
[WhiteFideId "2501511"]
[BlackFideId "2501872"]
[PlyCount "41"]
[EventDate "2016.01.22"]
[Source "Herbert Scarry, via Dylan Boland"]

{ Reference: <a
href="http://www.irlchess.com/gonzaga2016_allfiles/pairings_gonzaga2016.html">Tournament
report</a>. } { Event information: <a
href="http://ratings.icu.ie/tournaments/781">Pairings &amp; results</a>,
ICU ratings web site. }

1. d4 Nf6 2. c4 g6 3. Nc3 d5 4. cxd5 Nxd5 5. e4 Nxc3 6. bxc3 Bg7 7. Nf3 c5
8. Bb5+ Nd7 9. O-O O-O 10. h3 a6 11. Bc4 b5 12. Bb3 Nf6 13. Re1 cxd4 14.
cxd4 Bb7 15. Qd3 Qb6 16. Bb2 a5 17. d5 Nxe4 18. Bxg7 Qxf2+ 19. Kh2 Qg3+ 20.
Kg1 Qf2+ 21. Kh2 1/2-1/2

[Event "Gonzaga Masters 2016"]
[Site "Dublin IRL"]
[Date "2016.01.24"]
[Round "4"]
[White "Vlaicevic, Marin"]
[Black "Cafolla, Peter"]
[Result "1-0"]
[WhiteElo "1993"]
[BlackElo "2045"]
[WhiteICU "1948"]
[BlackICU "1975"]
[WhiteClub "Rathmines"]
[WhiteNationality "CRO"]
[BlackNationality "IRL"]
[WhiteFideId "14512394"]
[BlackFideId "2500884"]
[PlyCount "55"]
[EventDate "2016.01.22"]
[Source "Herbert Scarry, via Dylan Boland"]

{ Reference: <a
href="http://www.irlchess.com/gonzaga2016_allfiles/pairings_gonzaga2016.html">Tournament
report</a>. } { Event information: <a
href="http://ratings.icu.ie/tournaments/781">Pairings &amp; results</a>,
ICU ratings web site. }

1. d4 d5 2. c4 e5 3. dxe5 d4 4. e3 Bb4+ 5. Ke2 Nc6 6. a3 Be7 7. f4 f6 8.
Nf3 fxe5 9. fxe5 Bg4 10. h3 Bxf3+ 11. gxf3 Nh6 12. e4 Bg5 13. f4 Bxf4 14.
Bxf4 Qh4 15. Bxh6 Qxe4+ 16. Kd2 gxh6 17. Bd3 Qe3+ 18. Kc2 O-O-O 19. Re1
Qxh3 20. Nd2 Rhf8 21. e6 Rde8 22. Qe2 Rf6 23. Rh1 Qe3 24. Rae1 Rexe6 25.
Qg4 Ne5 26. Qg8+ Kd7 27. Rxe3 dxe3 28. Ne4 1-0

[Event "Gonzaga Masters 2016"]
[Site "Dublin IRL"]
[Date "2016.01.24"]
[Round "4"]
[White "Hughes, Padraig"]
[Black "Goss, Alex"]
[Result "1-0"]
[WhiteElo "1700"]
[BlackElo "1715"]
[WhiteICU "1801"]
[BlackICU "1477"]
[WhiteClub "Curragh"]
[BlackClub "Elm Mount"]
[WhiteNationality "IRL"]
[BlackNationality "IRL"]
[WhiteFideId "2505690"]
[BlackFideId "2509407"]
[PlyCount "55"]
[EventDate "2016.01.22"]
[Source "Herbert Scarry, via Dylan Boland"]
[WhiteFullName "Hughes, P&aacute;draig"]

{ Reference: <a
href="http://www.irlchess.com/gonzaga2016_allfiles/pairings_gonzaga2016.html">Tournament
report</a>. } { Event information: <a
href="http://ratings.icu.ie/tournaments/781">Pairings &amp; results</a>,
ICU ratings web site. }

1. e4 c6 2. d4 d5 3. exd5 cxd5 4. c4 Nf6 5. Nc3 e6 6. Nf3 Bb4 7. a3 Ba5 8.
b4 Bc7 9. c5 O-O 10. Bd3 b6 11. O-O Re8 12. Re1 Nbd7 13. Bg5 bxc5 14. bxc5
h6 15. Bh4 Ba5 16. Qc2 a6 17. Ne5 Nxe5 18. Rxe5 Bc7 19. f4 Bxe5 20. fxe5 g5
21. exf6 Qxf6 22. Bf2 Ra7 23. Rd1 Bd7 24. Bh7+ Kf8 25. Bg3 Rc8 26. Be5 Qd8
27. Qe2 f5 28. Qh5 1-0

[Event "Gonzaga Masters 2016"]
[Site "Dublin IRL"]
[Date "2016.01.24"]
[Round "4"]
[White "O'Neill, Paul"]
[Black "Sheehy, Padraig"]
[Result "0-1"]
[WhiteElo "1833"]
[BlackElo "1826"]
[WhiteICU "1679"]
[BlackICU "1566"]
[WhiteClub "Naomh Barrog"]
[BlackClub "Gonzaga"]
[WhiteNationality "IRL"]
[BlackNationality "IRL"]
[WhiteFideId "2507692"]
[BlackFideId "2507994"]
[PlyCount "98"]
[EventDate "2016.01.22"]
[Source "Herbert Scarry, via Dylan Boland"]
[BlackFullName "Sheehy, P&aacute;draig"]

{ Reference: <a
href="http://www.irlchess.com/gonzaga2016_allfiles/pairings_gonzaga2016.html">Tournament
report</a>. } { Event information: <a
href="http://ratings.icu.ie/tournaments/781">Pairings &amp; results</a>,
ICU ratings web site. }

1. e4 e5 2. Nf3 Nc6 3. Bb5 a6 4. Ba4 Nf6 5. O-O b5 6. Bb3 d6 7. Re1 Bg4 8.
c3 Na5 9. Bc2 c5 10. d3 Be7 11. Be3 d5 12. exd5 Qxd5 13. Nbd2 O-O 14. Ne4
Nxe4 15. dxe4 Qe6 16. h3 Rad8 17. Qe2 Bh5 18. b3 Nb7 19. Red1 h6 20. Rd2
Rxd2 21. Bxd2 Rd8 22. Rd1 Bg6 23. Bc1 Rxd1+ 24. Qxd1 Nd6 25. Nd2 Bg5 26.
Qe1 c4 27. f3 Qc8 28. b4 Qa8 29. Nf1 Bd8 30. Be3 a5 31. Bc5 Nb7 32. Qb1
Nxc5 33. bxc5 Qc6 34. Qe1 Be7 35. Qd2 Bxc5+ 36. Kh2 Qd6 37. Qxd6 Bxd6 38.
Ne3 f6 39. a4 Be8 40. g4 Bc6 41. Nd1 b4 42. cxb4 axb4 43. a5 Bb5 44. Kg2 b3
45. Bb1 Bb4 46. Kf2 c3 47. Ne3 Bxa5 48. Bc2 bxc2 49. Nxc2 Bd3 0-1

[Event "Gonzaga Masters 2016"]
[Site "Dublin IRL"]
[Date "2016.01.24"]
[Round "4"]
[White "Copeland, Dean"]
[Black "Boland, Dylan"]
[Result "1/2-1/2"]
[WhiteElo "1801"]
[BlackElo "1855"]
[WhiteICU "1603"]
[BlackICU "1758"]
[WhiteClub "Enniscorthy"]
[BlackClub "St. Benildus"]
[WhiteNationality "IRL"]
[BlackNationality "IRL"]
[WhiteFideId "368178551"]
[BlackFideId "2507560"]
[PlyCount "81"]
[EventDate "2016.01.22"]
[Source "Herbert Scarry, via Dylan Boland"]

{ Reference: <a
href="http://www.irlchess.com/gonzaga2016_allfiles/pairings_gonzaga2016.html">Tournament
report</a>. } { Event information: <a
href="http://ratings.icu.ie/tournaments/781">Pairings &amp; results</a>,
ICU ratings web site. }

1. e4 e6 2. d4 b6 3. Bd3 Bb7 4. Nf3 Nf6 5. Nbd2 d5 6. Qe2 Be7 7. O-O c5 8.
c3 Nc6 9. Bb5 O-O 10. Bxc6 Bxc6 11. e5 Ne4 12. Rd1 Nxd2 13. Bxd2 a6 14. Be3
Bb5 15. Qd2 Rc8 16. Rac1 a5 17. b3 Ba6 18. a4 c4 19. b4 b5 20. axb5 Bxb5
21. bxa5 Ba4 22. Re1 Ra8 23. Ra1 Rxa5 24. Reb1 Bb3 25. Qb2 Qb6 26. Nd2 Rb5
27. Nxb3 Rxb3 28. Qa2 h6 29. Rxb3 Qxb3 30. Qxb3 cxb3 31. Bc1 Rb8 32. Rb1
Kh7 33. Bb2 g5 34. Ra1 Rb7 35. g4 Kg6 36. Kg2 f6 37. exf6 Bxf6 38. Ra6 Kf7
39. h3 Rb5 40. Ra7+ Kg6 41. Ra6 1/2-1/2

[Event "Gonzaga Masters 2016"]
[Site "Dublin IRL"]
[Date "2016.01.24"]
[Round "4"]
[White "Tirziman, Rudolf"]
[Black "McMorrow, John"]
[Result "1-0"]
[WhiteElo "2001"]
[BlackElo "1983"]
[WhiteICU "1900"]
[BlackICU "1851"]
[WhiteClub "Blanchardstown"]
[BlackClub "Gonzaga"]
[WhiteNationality "IRL"]
[BlackNationality "IRL"]
[WhiteFideId "2508664"]
[BlackFideId "2501481"]
[PlyCount "51"]
[EventDate "2016.01.22"]
[Source "Herbert Scarry, via Dylan Boland"]

{ Reference: <a
href="http://www.irlchess.com/gonzaga2016_allfiles/pairings_gonzaga2016.html">Tournament
report</a>. } { Event information: <a
href="http://ratings.icu.ie/tournaments/781">Pairings &amp; results</a>,
ICU ratings web site. }

1. e4 e5 2. Nf3 Nc6 3. d4 exd4 4. Nxd4 Bc5 5. Be3 Qf6 6. c3 Nge7 7. Bc4 Ne5
8. Be2 Qg6 9. O-O Qxe4 10. Nd2 Qg6 11. Bh5 Qd3 12. Be2 Qg6 13. f4 Nd5 14.
Bf2 Nxf4 15. Bg3 Nfd3 16. Bxd3 Nxd3 17. Qe2+ Kd8 18. Rf3 Nxb2 19. Nb3 Bxd4+
20. Nxd4 Na4 21. Re1 Qg5 22. Rf5 Nxc3 23. Qc4 Qe7 24. Bxc7+ Ke8 25. Rxe7+
Kxe7 26. Qxf7# 1-0

[Event "Gonzaga Masters 2016"]
[Site "Dublin IRL"]
[Date "2016.01.24"]
[Round "4"]
[White "Scallan, Fiachra"]
[Black "Beatty, Ross"]
[Result "1/2-1/2"]
[WhiteElo "1747"]
[BlackElo "1737"]
[WhiteICU "1767"]
[BlackICU "1752"]
[WhiteClub "Rathmines Jrs"]
[BlackClub "St. Benildus"]
[WhiteNationality "IRL"]
[BlackNationality "IRL"]
[WhiteFideId "2507528"]
[BlackFideId "2507552"]
[PlyCount "100"]
[EventDate "2016.01.22"]
[Source "Herbert Scarry, via Dylan Boland"]

{ Reference: <a
href="http://www.irlchess.com/gonzaga2016_allfiles/pairings_gonzaga2016.html">Tournament
report</a>. } { Event information: <a
href="http://ratings.icu.ie/tournaments/781">Pairings &amp; results</a>,
ICU ratings web site. }

1. e4 e6 2. d4 d5 3. Nc3 dxe4 4. Nxe4 Nd7 5. Bd3 Ngf6 6. c3 b6 7. Bg5 Be7
8. Nxf6+ Nxf6 9. Nf3 Bb7 10. Bxf6 Bxf6 11. Bc2 Rc8 12. Qd3 c5 13. Rd1 cxd4
14. cxd4 g6 15. Ba4+ Bc6 16. Bxc6+ Rxc6 17. Qb5 Qd7 18. Ne5 Bxe5 19. dxe5
Rd6 20. Qxd7+ Rxd7 21. Ke2 Ke7 22. Rxd7+ Kxd7 23. Rd1+ Kc6 24. Rd6+ Kc7 25.
Kd3 Rd8 26. Rxd8 Kxd8 27. b4 Kd7 28. a4 Kc6 29. Kc4 g5 30. h3 h5 31. g3 b5+
32. axb5+ Kb6 33. f3 h4 34. gxh4 gxh4 35. f4 Kb7 36. Kc5 Kc7 37. b6+ axb6+
38. Kb5 Kb7 39. Kc4 Kc6 40. b5+ Kd7 41. Kd4 Ke7 42. Ke4 f5+ 43. exf6+ Kxf6
44. Ke3 Kg6 45. Ke4 Kf6 46. Kf3 Kf5 47. Ke3 e5 48. fxe5 Kxe5 49. Kf3 Kf5
50. Ke3 Ke5 1/2-1/2

[Event "Gonzaga Masters 2016"]
[Site "Dublin IRL"]
[Date "2016.01.24"]
[Round "4"]
[White "Haque, Mustakim-Ul"]
[Black "Melaugh, Shane"]
[Result "1-0"]
[WhiteElo "1846"]
[BlackElo "1684"]
[WhiteICU "1778"]
[BlackICU "1684"]
[WhiteClub "Rathmines Jrs"]
[BlackClub "Elm Mount"]
[WhiteNationality "IRL"]
[BlackNationality "IRL"]
[WhiteFideId "2509334"]
[BlackFideId "2509580"]
[PlyCount "80"]
[EventDate "2016.01.22"]
[Source "Herbert Scarry, via Dylan Boland"]

{ Reference: <a
href="http://www.irlchess.com/gonzaga2016_allfiles/pairings_gonzaga2016.html">Tournament
report</a>. } { Event information: <a
href="http://ratings.icu.ie/tournaments/781">Pairings &amp; results</a>,
ICU ratings web site. }

1. d4 Nf6 2. Nf3 g6 3. c4 c5 4. d5 b5 5. cxb5 a6 6. bxa6 Bxa6 7. Nc3 d6 8.
e4 Bxf1 9. Kxf1 Bg7 10. Qc2 Nbd7 11. Rb1 Qc8 12. h3 O-O 13. Be3 Qa6+ 14.
Kg1 Nb6 15. Nd2 Na4 16. Nd1 Rfb8 17. a3 Nb6 18. a4 Ne8 19. Kh2 Nc7 20. f4
Rb7 21. Nf2 Rab8 22. g4 Nd7 23. h4 Qa5 24. Rbc1 Na6 25. Nd3 Nf6 26. Rhg1
Nb4 27. Nxb4 Rxb4 28. Nc4 Qa6 29. Rb1 Qa8 30. Bd2 R4b7 31. Na5 Rd7 32. Qc4
Rb6 33. Nc6 Rc7 34. a5 Ra6 35. b4 cxb4 36. Rxb4 Rxa5 37. Qb3 Rc8 38. Nxe7+
Kh8 39. Nxc8 Ra2 40. Rg2 Nxg4+ 1-0

[Event "Gonzaga Masters 2016"]
[Site "Dublin IRL"]
[Date "2016.01.24"]
[Round "5"]
[White "Sheehy, Padraig"]
[Black "Jocius, Donatas"]
[Result "0-1"]
[WhiteElo "1826"]
[BlackElo "1836"]
[WhiteICU "1566"]
[BlackICU "1728"]
[WhiteClub "Gonzaga"]
[BlackClub "Rathmines"]
[WhiteNationality "IRL"]
[BlackNationality "IRL"]
[WhiteFideId "2507994"]
[BlackFideId "2509032"]
[PlyCount "74"]
[EventDate "2016.01.22"]
[Source "Herbert Scarry, via Dylan Boland"]
[WhiteFullName "Sheehy, P&aacute;draig"]

{ Reference: <a
href="http://www.irlchess.com/gonzaga2016_allfiles/pairings_gonzaga2016.html">Tournament
report</a>. } { Event information: <a
href="http://ratings.icu.ie/tournaments/781">Pairings &amp; results</a>,
ICU ratings web site. }

1. e4 e5 2. Nf3 d5 3. exd5 e4 4. Bb5+ c6 5. dxc6 bxc6 6. Qe2 cxb5 7. Qxe4+
Qe7 8. Qxe7+ Bxe7 9. O-O Nc6 10. Nc3 Ba6 11. Nd5 O-O-O 12. Nxe7+ Ngxe7 13.
d3 Bb7 14. Re1 f6 15. Bf4 Rhe8 16. Re3 Nd5 17. Rxe8 Rxe8 18. Bg3 Kd7 19. c3
Re2 20. Rb1 Nde7 21. Kf1 Re6 22. d4 Nd8 23. Nd2 Nf5 24. b3 Nxg3+ 25. hxg3
f5 26. c4 Be4 27. Nxe4 fxe4 28. Rd1 bxc4 29. bxc4 Nc6 30. d5 Ne5 31. c5 Rc6
32. f4 Ng4 33. Rb1 Rxc5 34. Rb7+ Rc7 35. Rb5 Kd6 36. Ra5 g6 37. Ke2 Re7 0-1

[Event "Gonzaga Masters 2016"]
[Site "Dublin IRL"]
[Date "2016.01.24"]
[Round "5"]
[White "Pachalov, Aleksejus"]
[Black "Redmond, Joshua"]
[Result "1-0"]
[WhiteElo "1876"]
[BlackElo "1742"]
[WhiteICU "1684"]
[BlackICU "1660"]
[WhiteClub "Balbriggan"]
[BlackClub "Elm Mount"]
[WhiteNationality "RUS"]
[BlackNationality "IRL"]
[WhiteFideId "54163145"]
[BlackFideId "66800315"]
[PlyCount "85"]
[EventDate "2016.01.22"]
[Source "Herbert Scarry, via Dylan Boland"]

{ Reference: <a
href="http://www.irlchess.com/gonzaga2016_allfiles/pairings_gonzaga2016.html">Tournament
report</a>. } { Event information: <a
href="http://ratings.icu.ie/tournaments/781">Pairings &amp; results</a>,
ICU ratings web site. }

1. d4 d5 2. c4 e6 3. Nc3 Nf6 4. cxd5 exd5 5. Bg5 Be7 6. e3 O-O 7. Bd3 Nbd7
8. Nge2 c5 9. O-O b6 10. Qc2 h6 11. Bh4 Bb7 12. Rad1 Ne4 13. Bxe4 dxe4 14.
Bg3 Nf6 15. dxc5 Qc8 16. Bd6 Bxd6 17. cxd6 Rd8 18. Rd4 Qc6 19. Rfd1 Ba6 20.
Ng3 Bd3 21. Qd2 Rd7 22. f3 Ba6 23. Ngxe4 Nxe4 24. Nxe4 Rad8 25. Nc3 f6 26.
e4 Kf7 27. f4 Bb7 28. Qd3 a6 29. Rc4 Qxd6 30. Qxd6 Rxd6 31. Rxd6 Rxd6 32.
Rc7+ Kg6 33. Rxb7 b5 34. Nd5 Rc6 35. Rc7 Rd6 36. g4 Kh7 37. Kf2 Re6 38. Ke3
h5 39. f5 Rd6 40. h3 h4 41. Rc8 g5 42. Rc7+ Kg8 43. Kd4 1-0

[Event "Gonzaga Masters 2016"]
[Site "Dublin IRL"]
[Date "2016.01.24"]
[Round "5"]
[White "Boland, Dylan"]
[Black "Reynolds, Pat"]
[Result "1/2-1/2"]
[WhiteElo "1855"]
[BlackElo "1932"]
[WhiteICU "1758"]
[BlackICU "1797"]
[WhiteClub "St. Benildus"]
[BlackClub "Bray/Greystones"]
[WhiteNationality "IRL"]
[BlackNationality "IRL"]
[WhiteFideId "2507560"]
[BlackFideId "2501392"]
[PlyCount "48"]
[EventDate "2016.01.22"]
[Source "Herbert Scarry, via Dylan Boland"]

{ Reference: <a
href="http://www.irlchess.com/gonzaga2016_allfiles/pairings_gonzaga2016.html">Tournament
report</a>. } { Event information: <a
href="http://ratings.icu.ie/tournaments/781">Pairings &amp; results</a>,
ICU ratings web site. }

1. e4 c5 2. Nf3 Nc6 3. g3 g6 4. Bg2 Bg7 5. Nc3 d6 6. d3 Nf6 7. O-O O-O 8.
Ne2 Rb8 9. Nh4 b5 10. f4 Qb6 11. Kh1 a5 12. f5 b4 13. c3 Ba6 14. c4 Bb7 15.
h3 Nd7 16. Nf3 Nde5 17. Nf4 Qd8 18. Rb1 Nxf3 19. Bxf3 Nd4 20. g4 a4 21. Be3
Ra8 22. Qd2 Re8 23. Ne2 Nxf3 24. Rxf3 a3 1/2-1/2

[Event "Gonzaga Masters 2016"]
[Site "Dublin IRL"]
[Date "2016.01.24"]
[Round "5"]
[White "Pocevicius, Dovydas"]
[Black "O'Neill, Paul"]
[Result "0-1"]
[WhiteElo "1587"]
[BlackElo "1833"]
[WhiteICU "1664"]
[BlackICU "1679"]
[WhiteClub "Enniscorthy"]
[BlackClub "Naomh Barrog"]
[WhiteNationality "IRL"]
[BlackNationality "IRL"]
[WhiteFideId "2508427"]
[BlackFideId "2507692"]
[PlyCount "136"]
[EventDate "2016.01.22"]
[Source "Herbert Scarry, via Dylan Boland"]

{ Reference: <a
href="http://www.irlchess.com/gonzaga2016_allfiles/pairings_gonzaga2016.html">Tournament
report</a>. } { Event information: <a
href="http://ratings.icu.ie/tournaments/781">Pairings &amp; results</a>,
ICU ratings web site. }

1. e4 c5 2. d4 cxd4 3. c3 d3 4. Bxd3 Nc6 5. Nf3 d6 6. Bf4 Nf6 7. O-O Bg4 8.
Nbd2 e6 9. Qb3 Qd7 10. Rfe1 Nh5 11. Be3 Be7 12. h3 Bxf3 13. Nxf3 O-O 14.
Rad1 Qc7 15. Qc2 Nf6 16. Ng5 h6 17. Nf3 Rfd8 18. Qd2 Bf8 19. Nh2 d5 20.
exd5 Nxd5 21. Qe2 Ne5 22. Bb1 Nxe3 23. Qxe3 Nc4 24. Qe4 g6 25. Qc2 Qb6 26.
b3 Na3 27. Qe2 Nxb1 28. Rxb1 Qa5 29. Rbd1 Qxc3 30. Rc1 Qa5 31. Nf3 Bg7 32.
Rc4 Rac8 33. Rec1 Rxc4 34. Rxc4 Qd5 35. Rc7 Rd7 36. Rxd7 Qxd7 37. Nd2 a6
38. Ne4 Qc7 39. Qd2 f5 40. Nd6 Qd7 41. Nc4 Qxd2 42. Nxd2 b5 43. Kf1 Kf7 44.
Ke2 Ke7 45. Kd3 Kd6 46. f3 h5 47. a4 Kc5 48. axb5 axb5 49. Nb1 Kb4 50. Kc2
Bd4 51. Nd2 Kc5 52. Kd3 Kd5 53. Nf1 e5 54. Nd2 Bb6 55. g4 Ba5 56. Nb1 Bb4
57. gxh5 gxh5 58. Ke3 h4 59. Kd3 e4+ 60. fxe4+ fxe4+ 61. Ke3 Ke5 62. Kf2
Kf4 63. Ke2 e3 64. Kf1 Kf3 65. Nc3 Bxc3 66. Kg1 e2 67. Kh2 Be5+ 68. Kh1
e1=R# 0-1